| 000 | 00484nam a2200157Ia 4500 | ||
|---|---|---|---|
| 008 | 170221s9999 xx 000 0 und d | ||
| 100 | _aMaria Goncharova | ||
| 245 | _aPlanet Play: Designing A Game For Children To Promote Environmental Awareness. | ||
| 245 | _cMaria Goncharova | ||
| 260 | _bOnline Journal of Communication and Media Technologies | ||
| 260 | _c2013 | ||
| 300 | _a33 : 14 | ||
| 650 | _xCommunication | ||
| 650 | _xMedia Arts | ||
| 856 | _uhttp://www.ojcmt.net/ | ||
| 999 |
_c311120 _d311120 |
||